000
00301nam a2200109Ia 4500
008
171211s9999 xx 000 0 und d
245
4
_a
The Miriam Tradition: Teaching Embodied Torah
245
_c
Cia Sautter
260
_c
2010
650
_x
ART
856
_u
http://down.ebook777.com/064/0252077628.pdf
999
_c
348533
_d
348533